pokemon type glace 1 à 7 G - Statistiques

Statistiques générales
  • Ce quiz a été pris 40 fois
  • Le résultat moyen est 31 sur 34
Statistiques - réponses
Hint Réponse % Correct
144 glace/vol artikodin
100%
461 glace/ténèbre dimoret
100%
478 glace/spectre momartik
100%
362 glace oniglali
100%
361 glace stalgamin
100%
215 glace/ténèbre farfuret
97%
124 glace/psy lippoutou
97%
614 glace polagriffe
97%
613 glace polarhume
97%
460 glace/plante blizzaroi
94%
459 glace/plante blizzi
94%
615 glace hexagel
94%
365 glace/eau kaimorse
94%
582 glace sorbebe
94%
584 glace sorbouboul
94%
583 glace sorboul
94%
221 glace/sol cochignon
91%
91 glace/eau crustabri
91%
87 glace/eau lamantine
91%
131 glace/eau lokhlass
91%
473 glace/sol mammochon
91%
220 glace/sol marcacrin
91%
363 glace/eau obalie
91%
225 glace/vol cadoizo
88%
238 glace/psy lippouti
88%
364 glace/eau phogleur
88%
699 glace/roche dragmara
84%
646 glace/dragon kyurem
84%
378 glace regice
84%
698 glace/roche amagara
81%
713 glace seracrawl
78%
471 glace givrali
75%
712 glace grelacon
75%
740 glace/combat crabominable
63%
Aucun quiz correspondant
Distribution des résultats
% des personnes avec chaque résultat
Percentile par nombre de réponses
Votre historique - résultats
Vous n’avez pas pris ce quiz